USA, India, Africa, during and after the cold war / (Record no. 1290)

000 -LEADER
fixed length control field 01136cam a2200337 a 4500
001 - CONTROL NUMBER
control field 16224139
003 - CONTROL NUMBER IDENTIFIER
control field OSt
005 - DATE AND TIME OF LATEST TRANSACTION
control field 20140313160940.0
008 - FIXED-LENGTH DATA ELEMENTS--GENERAL INFORMATION
fixed length control field 100510s2010 ke a b 001 0 eng
010 ## - LIBRARY OF CONGRESS CONTROL NUMBER
LC control number 2010305321
020 ## - INTERNATIONAL STANDARD BOOK NUMBER
International Standard Book Number 9789966846969
020 ## - INTERNATIONAL STANDARD BOOK NUMBER
International Standard Book Number
040 ## - CATALOGING SOURCE
Original cataloging agency DLC
Transcribing agency DLC
042 ## - AUTHENTICATION CODE
Authentication code lcode
-- pcc
043 ## - GEOGRAPHIC AREA CODE
Geographic area code n-us---
-- a-ii---
-- f------
050 00 - LIBRARY OF CONGRESS CALL NUMBER
Classification number JZ1394.O36 2010
100 1# - MAIN ENTRY--PERSONAL NAME
Personal name Okoth, P. Godfrey.
245 10 - TITLE STATEMENT
Title USA, India, Africa, during and after the cold war /
Statement of responsibility, etc Pontian Godfrey Okoth.
260 ## - PUBLICATION, DISTRIBUTION, ETC. (IMPRINT)
Place of publication, distribution, etc Nairobi :
Name of publisher, distributor, etc University of Nairobi Press,
Date of publication, distribution, etc 2010.
300 ## - PHYSICAL DESCRIPTION
Extent xvi, 402 p. :
Other physical details ill. ;
Dimensions 25 cm.
504 ## - BIBLIOGRAPHY, ETC. NOTE
Bibliography, etc Includes bibliographical references (p. [357]-389) and index.
650 #0 - SUBJECT ADDED ENTRY--TOPICAL TERM
Topical term or geographic name as entry element International relations
General subdivision History
Chronological subdivision 20th century.
650 #0 - SUBJECT ADDED ENTRY--TOPICAL TERM
Topical term or geographic name as entry element World politics
Chronological subdivision 1945-1989.
650 #0 - SUBJECT ADDED ENTRY--TOPICAL TERM
Topical term or geographic name as entry element Cold War
General subdivision Diplomatic history.
651 #0 - SUBJECT ADDED ENTRY--GEOGRAPHIC NAME
Geographic name Africa
General subdivision Foreign relations.
651 #0 - SUBJECT ADDED ENTRY--GEOGRAPHIC NAME
Geographic name India
General subdivision Foreign relations.
651 #0 - SUBJECT ADDED ENTRY--GEOGRAPHIC NAME
Geographic name United States
General subdivision Foreign relations.
906 ## - LOCAL DATA ELEMENT F, LDF (RLIN)
a 7
b cbc
c origode
d 3
e ncip
f 20
g y-gencatlg
942 ## - ADDED ENTRY ELEMENTS (KOHA)
Source of classification or shelving scheme
Koha item type Book
Holdings
Withdrawn status Lost status Source of classification or shelving scheme Damaged status Not for loan Home library Current library Shelving location Date acquired Total Checkouts Total Renewals Full call number Barcode Date last seen Date checked out Copy number Price effective from Koha item type
  Lost       Riara University Library Riara University Library General stack 13/03/2014 7 1 JZ1394.O36 2010 4461/14 15/09/2017 15/09/2017 C.1 13/03/2014 Book

Riara University Library,
P.O. Box 49940-00100,
Nairobi, Kenya.